000 00608nam a2200193 a 4500
001 000015660
005 20240412074244.0
008 100217s2008 dr 000 p spa d
020 _a9789945856798
040 _aDO-SdBNP
_bspa
_cBNPHU
082 _aRD861.44
_bH519p
100 1 _aHenríquez Heredia, Pedro,
_d1959-
_935312
245 1 0 _aPoemas para ti /
_cPedro Hernríquez Heredia.
260 _aSan Francisco de Macorís, República Dominicana :
_bEditora del nordeste,
_c2008.
300 _a47 p. ;
_c17 cm.
650 0 _aPoesía dominicana
_966
650 0 _aLiteratura dominicana.
_967
049 _aBNPD
999 _c15212
_d15212